MARC details
| 000 -LEADER |
| fixed length control field |
02865cam a2200517 i 4500 |
| 001 - CONTROL NUMBER |
| control field |
21651112 |
| 003 - CONTROL NUMBER IDENTIFIER |
| control field |
OSt |
| 005 - DATE AND TIME OF LATEST TRANSACTION |
| control field |
20230703095031.0 |
| 008 - FIXED-LENGTH DATA ELEMENTS--GENERAL INFORMATION |
| fixed length control field |
200803s2021 enka b 001 0 eng d |
| 010 ## - LIBRARY OF CONGRESS CONTROL NUMBER |
| LC control number |
2020943450 |
| 015 ## - NATIONAL BIBLIOGRAPHY NUMBER |
| National bibliography number |
GBC119180 |
| Source |
bnb |
| 016 7# - NATIONAL BIBLIOGRAPHIC AGENCY CONTROL NUMBER |
| Record control number |
020103253 |
| Source |
Uk |
| 020 ## - INTERNATIONAL STANDARD BOOK NUMBER |
| International Standard Book Number |
9781529713466 |
| Qualifying information |
(paperback) |
| 020 ## - INTERNATIONAL STANDARD BOOK NUMBER |
| International Standard Book Number |
1529713463 |
| Qualifying information |
(paperback) |
| 020 ## - INTERNATIONAL STANDARD BOOK NUMBER |
| International Standard Book Number |
9781529713473 |
| Qualifying information |
(hardback) |
| 020 ## - INTERNATIONAL STANDARD BOOK NUMBER |
| International Standard Book Number |
1529713471 |
| Qualifying information |
(hardback) |
| 020 ## - INTERNATIONAL STANDARD BOOK NUMBER |
| Canceled/invalid ISBN |
9781529756531 (ePub ebook) |
| 035 ## - SYSTEM CONTROL NUMBER |
| System control number |
(OCoLC)on1242751158 |
| 040 ## - CATALOGING SOURCE |
| Language of cataloging |
eng |
| Transcribing agency |
NIRUC |
| Modifying agency |
NIRUC |
| 042 ## - AUTHENTICATION CODE |
| Authentication code |
lccopycat |
| 050 00 - LIBRARY OF CONGRESS CALL NUMBER |
| Classification number |
Q 180.55.M4 |
| Item number |
. O54 2021 |
| 082 04 - DEWEY DECIMAL CLASSIFICATION NUMBER |
| Classification number |
300.72 |
| Edition number |
23 |
| 100 1# - MAIN ENTRY--PERSONAL NAME |
| Personal name |
O'Leary, Zina, |
| Relator term |
author. |
| 240 10 - UNIFORM TITLE |
| Uniform title |
Essential guide to doing research |
| 245 14 - TITLE STATEMENT |
| Title |
The essential guide to doing your research project / |
| Statement of responsibility, etc. |
Zina O'Leary. |
| 250 ## - EDITION STATEMENT |
| Edition statement |
4th ed. |
| 260 ## - PUBLICATION, DISTRIBUTION, ETC. |
| Place of publication, distribution, etc. |
London : |
| Name of publisher, distributor, etc. |
SAGE, |
| Date of publication, distribution, etc. |
2021. |
| 264 #1 - PRODUCTION, PUBLICATION, DISTRIBUTION, MANUFACTURE, AND COPYRIGHT NOTICE |
| Place of production, publication, distribution, manufacture |
London : |
| Name of producer, publisher, distributor, manufacturer |
SAGE, |
| Date of production, publication, distribution, manufacture, or copyright notice |
[2021] |
| 300 ## - PHYSICAL DESCRIPTION |
| Extent |
viii, 438 p, : |
| Other physical details |
ill, |
| Dimensions |
25 cm |
| 336 ## - CONTENT TYPE |
| Content type term |
text |
| Content type code |
txt |
| Source |
rdacontent |
| 337 ## - MEDIA TYPE |
| Media type term |
unmediated |
| Media type code |
n |
| Source |
rdamedia |
| 338 ## - CARRIER TYPE |
| Carrier type term |
volume |
| Carrier type code |
nc |
| Source |
rdacarrier |
| 500 ## - GENERAL NOTE |
| General note |
"First published in 2004 as 'The essential guide to doing research. The essential guide to doing your research project first published 2010."--verso. |
| 500 ## - GENERAL NOTE |
| General note |
Previous edition: 2017. |
| 504 ## - BIBLIOGRAPHY, ETC. NOTE |
| Bibliography, etc. note |
Includes bibliographical references (pages 420-431) and index. |
| 505 0# - FORMATTED CONTENTS NOTE |
| Formatted contents note |
Taking the leap into the research world -- Setting up and getting started -- Developing your research question -- Undertaking credible and ethical research -- Crafting a research proposal -- Reviewing literature -- Designing a research plan -- Understanding methodologies: quantitative and qualitative approaches -- Understanding methodologies: mixed approaches -- Understanding methodologies: evaluative, action-oriented and emancipatory strategies -- Identifying and selecting samples, informants and cases -- Primary data: surveys, interviews and observation -- Secondary data -- Online generated data -- Analysing quantitative data -- Analysing qualitative data -- The challenge of writing up -- Final hurdles. |
| 520 ## - SUMMARY, ETC. |
| Summary, etc. |
"This practical book sets out how to approach each stage of your research project, from choosing a research design and methodology to collecting and analysing data and communicating your results--and showcases best practice along the way."-- |
| Assigning source |
Publisher's description. |
| 650 #0 - SUBJECT ADDED ENTRY--TOPICAL TERM |
| Topical term or geographic name entry element |
Research |
| General subdivision |
Methodology. |
| 650 #0 - SUBJECT ADDED ENTRY--TOPICAL TERM |
| Topical term or geographic name entry element |
Social sciences |
| General subdivision |
Research. |
| 650 #7 - SUBJECT ADDED ENTRY--TOPICAL TERM |
| Topical term or geographic name entry element |
Research |
| General subdivision |
Methodology. |
| Source of heading or term |
fast |
| Authority record control number or standard number |
(OCoLC)fst01095216 |
| 650 #7 - SUBJECT ADDED ENTRY--TOPICAL TERM |
| Topical term or geographic name entry element |
Social sciences |
| General subdivision |
Research. |
| Source of heading or term |
fast |
| Authority record control number or standard number |
(OCoLC)fst01122944 |
| 776 08 - ADDITIONAL PHYSICAL FORM ENTRY |
| Relationship information |
ebook version : |
| International Standard Book Number |
9781529756531 |
| 906 ## - LOCAL DATA ELEMENT F, LDF (RLIN) |
| a |
7 |
| b |
cbc |
| c |
copycat |
| d |
2 |
| e |
ncip |
| f |
20 |
| g |
y-gencatlg |
| 942 ## - ADDED ENTRY ELEMENTS (KOHA) |
| Source of classification or shelving scheme |
Library of Congress Classification |
| Koha item type |
Books |
| Suppress in OPAC |
No |